| 000 | 00629nam a2200217 i 4500 | ||
|---|---|---|---|
| 001 | 98322 | ||
| 003 | ES-MaACL | ||
| 005 | 20231228063216.0 | ||
| 007 | t| | ||
| 008 | 050728s1970 sp ||||1| spa d | ||
| 080 | _a821.134.2(729.1)-4"18" | ||
| 100 | 1 |
_aMartí, José, _d1853-1895 _977189 |
|
| 245 | 1 | 0 |
_aNuestra América / _cJosé Martí. |
| 260 |
_aEsplugues de Llobregat [Barcelona] : _bAriel, _c1970. |
||
| 300 |
_a181 p. ; _c18 cm. |
||
| 490 | 1 |
_aAriel quincenal ; _v40 |
|
| 830 | 1 |
_aAriel quincenal ; _v40 _9180806 |
|
| 852 |
_aES-MaACL _jC-40413 |
||
| 852 |
_aES-MaACL _jC-44310 |
||
| 999 |
_c98322 _d98322 |
||